000 00660nam a2200253Ia 4500
001 26510
005 20240114000927.0
007 ta
008 060509s1951 g b000 u 465 u
040 _aCotton College,Assam
041 _a465
082 _a105
_bAu 68 In
100 _a, .
110 _aInaugural Number .
245 0 _aSri Aurobindo Centre Gauhati /
_cInaugural Number.
_hTextual Documents
250 _a1st ed. /
260 _aPondicherry :
_bSri Aurobindo Ashram Press ,
_c1951.
300 _a116p. ;
_c22cm.
653 _aPhilosophy
653 _aG-Philosophy
942 _2ddc
_cBK
999 _c26492
_d26492